Microprocessors and microsystems

Gespeichert in:
Bibliographische Detailangaben
Format: Schriftenreihe
Veröffentlicht: 1999
Tags: Tag hinzufügen
Keine Tags, Fügen Sie das erste Tag hinzu!

MARC

LEADER 00000nas a22000003a 4500
001 stu67961
005 20141121234046.4
008 011106s1999----------------------------d
040 |a STU  |b slo 
041 0
245 |a Microprocessors and microsystems 
260 |c 1999 
500 |a 1-10 
500 |a 10 
500 |a 1999 
773 0 |t Microprocessors and microsystems  |w stu_us_cat*stu60112  |x 0141-9331  |7 nnas 
996 |d Vol. 23, 1999  |v Vol. 23  |y 1999  |l EE0103  |s A  |a 24  |w stu67961_0001